Essential of Educational Psychology: (Record no. 203613)

MARC details
000 -LEADER
fixed length control field 00746nam a22002057a 4500
005 - DATE AND TIME OF LATEST TRANSACTION
control field 20240614143951.0
010 ## - LCCN (DPL NO)
LC control number ENG-140617
020 ## - INTERNATIONAL STANDARD BOOK NUMBER
Terms of availability 880.00
International Standard Book Number 9789353068974
035 ## - SYSTEM CONTROL NUMBER
System control number EN-124149
037 ## - SOURCE OF ACQUISITION
Source of stock number/acquisition DBAD
082 ## - DEWEY DECIMAL CLASSIFICATION NUMBER
Classification number 371.102
Edition number 5
100 ## - MAIN ENTRY--PERSONAL NAME
Personal name Ormrod, Jeanne Ellis
245 ## - TITLE STATEMENT
Title Essential of Educational Psychology:
Remainder of title Big Ideas to Guide Effective Teaching/
Statement of responsibility, etc By Jeanne Ellis Ormrod [and] Brett Jones
250 ## - EDITION STATEMENT
Edition statement 5
260 ## - PUBLICATION, DISTRIBUTION, ETC. (IMPRINT)
Place of publication, distribution, etc Noida
Name of publisher, distributor, etc Pearson India Education Pvt Ltd
Date of publication, distribution, etc 2024
270 ## - ADDRESS
Address 1st Floor, Berger Tower, Plot No. C-001/2, Sector 16B
City Noida
Postal code 201301
Electronic mail address companysecretary.india@pearson.com
300 ## - PHYSICAL DESCRIPTION
Extent xxiv,vp.
Dimensions 25cm(pbk)
Other physical details Index
700 ## - ADDED ENTRY--PERSONAL NAME
Personal name Jones, Brett
9 (RLIN) 67535
942 ## - ADDED ENTRY ELEMENTS (KOHA)
Source of classification or shelving scheme Dewey Decimal Classification
Item type English Books
Classification part 371.102
Call number suffix ORM
Edition 5
Holdings
Withdrawn status Lost status Not for loan Collection code Home library Current library Date acquired Source of acquisition Cost, normal purchase price Full call number Barcode Copy number Cost, replacement price Koha item type
      Non-fiction Central Library Central Library 14/06/2024 DBAD 880.00 371.102 ORM EN-124149 1 880.00 English Books

© Delhi Public Library
Hit Counter
free hit counter